| 000 | 00603nam a22002417a 4500 | ||
|---|---|---|---|
| 003 | UA-OsUOA | ||
| 001 | 26610 | ||
| 007 | ta | ||
| 008 | 20040608b un ||||| |||| 00| 0 ukr d | ||
| 100 | _aСзабова С. | ||
| 090 |
_a504 _bЭ40 |
||
| 942 | _cBK | ||
| 040 |
_aUA-OsUOA _brus _cUA-OsUOA _dUA-OsUOA |
||
| 245 | _aЭкоигры в школе и вне школы | ||
| 300 | _a54 с. | ||
| 955 | _a0 | ||
| 041 | _arus | ||
| 080 | _a504 | ||
| 260 |
_aКиев _bИнформационное агенство "Эхо-Восток" _c1995 |
||
| 044 | _aUA | ||
| 650 | 7 | _2UDC | |
| 999 |
_c312935 _d312935 |
||